| 000 | 00581nam a2200217Ia 4500 | ||
|---|---|---|---|
| 003 | GCL | ||
| 008 | 140319s9999 xx 000 0 eng d | ||
| 040 |
_aGCL / _cGCL |
||
| 082 | 0 | 4 |
_a933.01 _bM N |
| 100 | 1 | _aMEISTERMANN, P. BARNABE | |
| 245 | 1 | 0 |
_aNOUVEAU GUIDE DE TERRE SAINTE / _cMEISTERMANN, P. BARNABE |
| 260 |
_a[S.N] : _bALPHONS PICARD ET FILS EDITEURS ، _c1907 |
||
| 300 | _a610 P | ||
| 650 | 0 | 4 | _aPALESTINAN ARABS |
| 650 | 0 | 4 | _aEGYPT |
| 650 | 0 | 4 | _aISRAEL |
| 650 | 0 | 4 | _aMONUMENTS |
| 650 | 0 | 4 | _aPALESTINE - HISTORY |
| 650 | 0 | 4 | _aHISTORY, ANCIENT |
| 942 |
_2ddc _cBK |
||
| 999 |
_c12578 _d12578 |
||